| 000 | 01536nam2a2200325 4500 | ||
|---|---|---|---|
| 001 | RU\NLR\bibl\103348 | ||
| 005 | 20250617084610.0 | ||
| 010 | _a5-87472-212-2 | ||
| 021 |
_aRU _b2000-9170п _9346п |
||
| 035 | _a(NLR Aleph) 000101098 | ||
| 090 |
_a570843 _c570843 |
||
| 100 | _a20000814d1999 |||y0rusy50 ca | ||
| 101 | 0 | _arus | |
| 102 | _aRU | ||
| 105 | _aa ||||||||| | ||
| 200 | 1 | _aМедицинские вопросы физической культуры в практике семейного врача | |
| 210 |
_d1999 _aБ. м. |
||
| 215 |
_a63 с. _cил. |
||
| 225 | 1 |
_a... _vКн. 13 |
|
| 320 | _aБиблиогр.: с. 63 | ||
| 461 | 0 |
_1001RU\NLR\bibl\108028 _12001#$aСемейный врач и организация здорового образа жизни$vЧ. 2 _9598540 _aДорничев, В. М. _cСПб. _d1999 _fВ.М. Дорничев, П.С. Гуревич, Ю.М. Губачев _nПапирус _o[Учеб.-метод. пособие] _tСемейный врач и организация здорового образа жизни _vЧ. 2 |
|
| 606 | 0 |
_aЛечебная физическая культура _jРуководства, пособия и т.п. _9942276 _3RU\NLR\auth\6630200 |
|
| 606 | 0 |
_aЛечебная физическая культура _jУчебные издания _9942276 _3RU\NLR\auth\6630200 |
|
| 686 | _aР354.11я7 | ||
| 801 | 0 |
_aRU _bNLR _c20000814 _gPSBO |
|
| 801 | 1 |
_aRU _bNLR _c20000814 |
|
| 852 |
_aNLR _j2000-4/4567 |
||
| 942 | _cBOOK | ||
| 980 | _aNB | ||